<?xml version="1.0" encoding="UTF-8"?>
<record
    xmlns:xsi="http://www.w3.org/2001/XMLSchema-instance"
    xsi:schemaLocation="http://www.loc.gov/MARC21/slim http://www.loc.gov/standards/marcxml/schema/MARC21slim.xsd"
    xmlns="http://www.loc.gov/MARC21/slim">

  <leader>03438nam a2200301 a 4500</leader>
  <controlfield tag="003">OSt</controlfield>
  <controlfield tag="005">20250820140545.0</controlfield>
  <controlfield tag="008">250815s2016    uk a|||fr|||| 00| 0 eng d</controlfield>
  <datafield tag="020" ind1=" " ind2=" ">
    <subfield code="a">978-1-84593-994-6</subfield>
  </datafield>
  <datafield tag="040" ind1=" " ind2=" ">
    <subfield code="a">CHAP</subfield>
    <subfield code="c">PA</subfield>
    <subfield code="e">rda</subfield>
  </datafield>
  <datafield tag="041" ind1=" " ind2=" ">
    <subfield code="a">eng</subfield>
    <subfield code="b">eng</subfield>
    <subfield code="f">eng</subfield>
    <subfield code="h">eng</subfield>
  </datafield>
  <datafield tag="082" ind1="0" ind2="0">
    <subfield code="a">PA 595.42 </subfield>
    <subfield code="b">.V33 2016</subfield>
  </datafield>
  <datafield tag="100" ind1=" " ind2=" ">
    <subfield code="a">Vacante, Vincenzo</subfield>
    <subfield code="e">autor.</subfield>
    <subfield code="9">191039</subfield>
  </datafield>
  <datafield tag="245" ind1=" " ind2=" ">
    <subfield code="a">The handbook of mites of economic plants :</subfield>
    <subfield code="b">Identification, bio-ecology and control /</subfield>
    <subfield code="c">Vincenzo Vacante</subfield>
  </datafield>
  <datafield tag="264" ind1=" " ind2=" ">
    <subfield code="a">Wallingford :</subfield>
    <subfield code="b">CABI,</subfield>
    <subfield code="c">2016.</subfield>
  </datafield>
  <datafield tag="300" ind1=" " ind2=" ">
    <subfield code="a">xvii, 872 p&#xE1;ginas :</subfield>
    <subfield code="b">ilustraciones</subfield>
  </datafield>
  <datafield tag="336" ind1=" " ind2=" ">
    <subfield code="2">rdacontent</subfield>
    <subfield code="a">texto</subfield>
    <subfield code="b">txt</subfield>
  </datafield>
  <datafield tag="337" ind1=" " ind2=" ">
    <subfield code="2">rdamedia</subfield>
    <subfield code="a">sin medio</subfield>
    <subfield code="b">n</subfield>
  </datafield>
  <datafield tag="338" ind1=" " ind2=" ">
    <subfield code="2">rdacarrier</subfield>
    <subfield code="a">volumen</subfield>
    <subfield code="b">nc</subfield>
  </datafield>
  <datafield tag="504" ind1=" " ind2=" ">
    <subfield code="a">Incluye bibliograf&#xED;a e &#xED;ndice</subfield>
  </datafield>
  <datafield tag="505" ind1=" " ind2=" ">
    <subfield code="a">Preface.-- Acknowledgements.-- Part I INTRODUCTION.--  1. Introduction to the Acari.-- 2. External Morphology.-- 3. Internal Morphology.-- 4. Biology.-- 5. Ecology.-- 6. Collecting and Detecting, Preserving, Preparing and Rearing.-- 7. Mites and Plant Damage.-- 8. Mites as Biocontrol Agents of Weeds.-- 9. Control.-- 10. Brief History of the Main Published Works on the Mites of Economic Plants.-- 11. Classification of and Key for the Identification of Major Taxa. -- Part II. MITES INJURIOUS TO ECONOMIC PLANTS.-- 12. The Family Histiostomatidae Berlese.-- 13. The Family Acaridae Latreille.-- 14. The Family Erythraeidae Robineau-Desvoidy.-- 15. The Family Penthaleidae Oudemans.-- 16. The Family Eriophyidae Nalepa.-- 17.The Family Phytoptidae Murray.-- 18. The Family Diptilomiopidae Keifer.-- 19. The Family Tuckerellidae Baker et Pritchard.-- 20. The Family Tetranychidae Donnadieu.-- 21. The Family Tenuipalpidae Berlese.-- 22. The Family Tarsonemidae Canestrini et Fanzago.-- 23. Minor Families.-- References.-- Taxonomic Index.-- Subject Index.</subfield>
  </datafield>
  <datafield tag="520" ind1=" " ind2=" ">
    <subfield code="b">Este manual ofrece una cobertura exhaustiva de los &#xE1;caros y los problemas que causan a los cultivos. Adem&#xE1;s, es f&#xE1;cil de buscar, est&#xE1; organizado por especie y se subdivide en &#xFA;tiles encabezados. Ofrece una visi&#xF3;n global del problema de los &#xE1;caros perjudiciales para las plantas de importancia econ&#xF3;mica, describiendo los &#xE1;caros prevalentes en diferentes regiones y analizando los m&#xE9;todos de control adecuados para diferentes entornos. Este libro ofrece una referencia enciclop&#xE9;dica sobre los principales &#xE1;caros, descritos por familia en t&#xE9;rminos de su morfolog&#xED;a interna y externa, bioecolog&#xED;a y sistem&#xE1;tica familiar. Se describen los m&#xE9;todos de recolecci&#xF3;n de &#xE1;caros y su estudio en laboratorio, as&#xED; como las caracter&#xED;sticas diagn&#xF3;sticas de las especies, su distribuci&#xF3;n mundial, las plantas hospedantes, la identificaci&#xF3;n por el tipo de da&#xF1;o que causan y las estrategias de control, incluyendo la intervenci&#xF3;n qu&#xED;mica y biol&#xF3;gica y las medidas de manejo integrado de plagas. Los &#xE1;caros de las siguientes familias son Eriophyoidea, Tarsonemidae, Tuckerellidae, Tenuipalpidae, Tetranychidae, Acaridae, Penthaleidae. El Manual de &#xE1;caros de plantas econ&#xF3;micas es un recurso importante para estudiantes de entomolog&#xED;a y producci&#xF3;n de cultivos, y como una gu&#xED;a de referencia completa para investigadores y trabajadores de campo involucrados con &#xE1;caros, da&#xF1;os a los cultivos y producci&#xF3;n de alimentos.</subfield>
  </datafield>
  <datafield tag="534" ind1=" " ind2=" ">
    <subfield code="p">T&#xED;tulo original:</subfield>
  </datafield>
  <datafield tag="650" ind1=" " ind2="7">
    <subfield code="a">&#xC1;caros</subfield>
    <subfield code="9">82376</subfield>
  </datafield>
  <datafield tag="650" ind1=" " ind2="7">
    <subfield code="a">&#xC1;caros</subfield>
    <subfield code="x">Identificaci&#xF3;n</subfield>
    <subfield code="9">82380</subfield>
  </datafield>
  <datafield tag="650" ind1=" " ind2="2">
    <subfield code="a">&#xC1;caros</subfield>
    <subfield code="x">Control biol&#xF3;gico</subfield>
    <subfield code="9">130905</subfield>
  </datafield>
  <datafield tag="942" ind1=" " ind2=" ">
    <subfield code="2">ddc</subfield>
    <subfield code="c">LIBRO</subfield>
  </datafield>
  <datafield tag="999" ind1=" " ind2=" ">
    <subfield code="c">220815</subfield>
    <subfield code="d">220815</subfield>
  </datafield>
  <datafield tag="952" ind1=" " ind2=" ">
    <subfield code="0">0</subfield>
    <subfield code="1">0</subfield>
    <subfield code="2">ddc</subfield>
    <subfield code="4">0</subfield>
    <subfield code="5">1</subfield>
    <subfield code="7">0</subfield>
    <subfield code="8">GRAL</subfield>
    <subfield code="a">PA</subfield>
    <subfield code="b">PA</subfield>
    <subfield code="d">2025-08-15</subfield>
    <subfield code="e">Compra</subfield>
    <subfield code="i">I.275243</subfield>
    <subfield code="l">0</subfield>
    <subfield code="o">PA 595.42  .V33 2016</subfield>
    <subfield code="p">4102004146</subfield>
    <subfield code="r">2025-08-15 12:54:58</subfield>
    <subfield code="w">2025-08-15</subfield>
    <subfield code="y">LIBRO</subfield>
  </datafield>
  <datafield tag="952" ind1=" " ind2=" ">
    <subfield code="0">0</subfield>
    <subfield code="1">0</subfield>
    <subfield code="2">ddc</subfield>
    <subfield code="4">0</subfield>
    <subfield code="5">3</subfield>
    <subfield code="7">0</subfield>
    <subfield code="8">GRAL</subfield>
    <subfield code="a">PA</subfield>
    <subfield code="b">PA</subfield>
    <subfield code="d">2025-08-18</subfield>
    <subfield code="e">Compra</subfield>
    <subfield code="i">I.275242</subfield>
    <subfield code="l">0</subfield>
    <subfield code="o">PA 595.42  .V33 2016</subfield>
    <subfield code="p">4102004147</subfield>
    <subfield code="r">2025-08-18 13:42:59</subfield>
    <subfield code="t">Ej.2</subfield>
    <subfield code="w">2025-08-18</subfield>
    <subfield code="y">LIBRO</subfield>
  </datafield>
</record>
